Catholic University of Zimbabwe Library
Online Public Access Catalogue
(OPAC)

Blue ribbon papers (Record no. 31271)

MARC details
000 -LEADER
fixed length control field 03345nam a2200457Ia 4500
001 - CONTROL NUMBER
control field bslw07579448
003 - CONTROL NUMBER IDENTIFIER
control field UtOrBLW
005 - DATE AND TIME OF LATEST TRANSACTION
control field 20210303085229.0
006 - FIXED-LENGTH DATA ELEMENTS--ADDITIONAL MATERIAL CHARACTERISTICS
fixed length control field m d
007 - PHYSICAL DESCRIPTION FIXED FIELD--GENERAL INFORMATION
fixed length control field cr un|||||||||
008 - FIXED-LENGTH DATA ELEMENTS--GENERAL INFORMATION
fixed length control field 110527s2011 enk o 000 0 eng d
020 ## - INTERNATIONAL STANDARD BOOK NUMBER
International Standard Book Number 9780857247964 (electronic bk.) :
Terms of availability £62.95 ; €89.95 ; $114.95
040 ## - CATALOGING SOURCE
Original cataloging agency UtOrBLW
Transcribing agency UtOrBLW
050 #4 - LIBRARY OF CONGRESS CALL NUMBER
Classification number HM499
Item number .B58 2011
072 #7 - SUBJECT CATEGORY CODE
Subject category code JHBA
Source bicssc
072 #7 - SUBJECT CATEGORY CODE
Subject category code JHB
Source bicssc
072 #7 - SUBJECT CATEGORY CODE
Subject category code SOC000000
Source bisacsh
072 #7 - SUBJECT CATEGORY CODE
Subject category code SOC026000
Source bisacsh
072 #7 - SUBJECT CATEGORY CODE
Subject category code SOC002000
Source bisacsh
080 ## - UNIVERSAL DECIMAL CLASSIFICATION NUMBER
Universal Decimal Classification number 316.35
082 04 - DEWEY DECIMAL CLASSIFICATION NUMBER
Classification number 302
Edition number 22
245 00 - TITLE STATEMENT
Title Blue ribbon papers
Medium [electronic resource] :
Remainder of title interactionism : the emerging landscape /
Statement of responsibility, etc. edited by Norman K. Denzin, Lonnie Athens, Ted Faust.
260 ## - PUBLICATION, DISTRIBUTION, ETC.
Place of publication, distribution, etc. Bingley, U.K. :
Name of publisher, distributor, etc. Emerald,
Date of publication, distribution, etc. 2011.
300 ## - PHYSICAL DESCRIPTION
Extent 1 online resource (199 p.).
490 0# - SERIES STATEMENT
Series statement Studies in symbolic interaction,
International Standard Serial Number 0163-2396 ;
Volume/sequential designation v. 36
505 0# - FORMATTED CONTENTS NOTE
Formatted contents note Interactionism : the growing threat of intellectual extinction / Lonnie Athens -- Revisiting the Mead-Blumer controversy / Gary A. Cook -- The Chicago School : a political interpretation / Norbert Wiley -- Language and mind in the thought of G. H. Mead : challenges from Chomsky's linguistics / Antony J. Puddephatt -- The coinage of the self : money, signs, and the social self / Robert Perinbanayagam -- Santayana : entering into the drama of his social thought / Natalia Ruiz-Junco -- Death becomes Mead : toward a radical interactionist reading of Million dollar baby / Michael A. Katovich -- A home in brick city / Jeffrey M. Togman.
520 ## - SUMMARY, ETC.
Summary, etc. Volume 36 of Studies in Symbolic Interaction is solely devoted to the Blue-Ribbon Papers, under the special issue editorship of Lonnie Athens. Nine papers are published in which hotly-contested issues are raised that, even if only resolved partially, could permanently change the future direction of interactional thought. Among the questions addressed are: whether there ever existed a genuine sociological school of thought based on interactionsim at the University Chicago, whether Herbert Blumer misinterpreted the major thrust of George Herbert Meads thought, whether conventional or radical interactionism is the most insightful perspective from which to examine crucial life decisions that are conflict-ridden, whether George Herbert Meads and George Santayanas perspectives converged with or diverged from one anothers and with radical interactionism, whether language develops primarily from the inside out or from the outside in, whether personal economics is mainly responsible for self esteem and the over-all functioning of the self in everyday life, and whether filming constitutes a method of recording data that traditional ethnographers should include in their tool box?.
588 0# - SOURCE OF DESCRIPTION NOTE
Source of description note Print version record
650 #7 - SUBJECT ADDED ENTRY--TOPICAL TERM
Topical term or geographic name entry element Social Science
General subdivision General.
Source of heading or term bisacsh
650 #7 - SUBJECT ADDED ENTRY--TOPICAL TERM
Topical term or geographic name entry element Social Science
General subdivision Sociology
-- General.
Source of heading or term bisacsh
650 #7 - SUBJECT ADDED ENTRY--TOPICAL TERM
Topical term or geographic name entry element Social Science
General subdivision Anthropology
-- General.
Source of heading or term bisacsh
650 #7 - SUBJECT ADDED ENTRY--TOPICAL TERM
Topical term or geographic name entry element Social theory.
Source of heading or term bicssc
650 #7 - SUBJECT ADDED ENTRY--TOPICAL TERM
Topical term or geographic name entry element Sociology.
Source of heading or term bicssc
650 #0 - SUBJECT ADDED ENTRY--TOPICAL TERM
Topical term or geographic name entry element Symbolic interactionism.
700 1# - ADDED ENTRY--PERSONAL NAME
Personal name Denzin, Norman K.
700 1# - ADDED ENTRY--PERSONAL NAME
Personal name Athens, Lonnie H.
700 1# - ADDED ENTRY--PERSONAL NAME
Personal name Faust, Thomas.
776 1# - ADDITIONAL PHYSICAL FORM ENTRY
International Standard Book Number 9780857247957
856 40 - ELECTRONIC LOCATION AND ACCESS
Uniform Resource Identifier <a href="https://www.emerald.com/insight/publication/doi/10.1108/S0163-2396(2011)36">https://www.emerald.com/insight/publication/doi/10.1108/S0163-2396(2011)36</a>
913 ## -
-- May2011
Holdings
Withdrawn status Lost status Source of classification or shelving scheme Damaged status Not for loan Home library Current library Shelving location Date acquired Total Checkouts Full call number Date last seen Uniform Resource Identifier Price effective from Koha item type
          Digital Library Digital Library Online Access 03.03.2021   HM499 .B58 2011 03.03.2021 https://www.emerald.com/insight/publication/doi/10.1108/S0163-2396(2011)36 03.03.2021 eBook

OPENING HOURS

Weekdays: 0815hrs - 1800hrs
Weekends:0900hrs - 1200hrs

Closed for Mass:

Mon, Thur: 1200hrs - 1300hrs
Sunday & Public Holiday’s

CALL SUPPORT

0242-570570, 0242-570169
09200664, +263 8644140602

LOCATION

18443, Cranborne Avenue, Hatfield, Harare

Other Links


©2021 | CUZ Library